Ekonomika pro 3. ročník středních hotelových škol : studijní obor provoz hotelů a společného stravování /

Main Author: Smetana, František, 1937-2018
Language: Czech
Published: Praha : Státní pedagogické nakladatelství, 1979
Edition: 1. vyd.
Series: Učebnice pro střední školy (Státní pedagogické nakladatelství)
Physical Description: 126, [1] s. ; 8° + 17 příl.
Book
Saved in:
LEADER 01157nam a22002772a 4500
001 000432331
003 CZ BrMZK
005 20111011135408.0
007 ta
008 990307s1979 xr f cze d
015 |a cnb001070157 
035 |a (OCoLC)39585574 
040 |a ABA001  |b cze  |c ABA001  |d ABA001 
080 9 |a 641.024:33(075.3):373.664 
100 1 |a Smetana, František,  |d 1937-2018  |7 jx20050810008  |4 aut 
245 1 0 |a Ekonomika pro 3. ročník středních hotelových škol :  |b studijní obor provoz hotelů a společného stravování /  |c František Smetana 
250 |a 1. vyd. 
260 |a Praha :  |b Státní pedagogické nakladatelství,  |c 1979  |e (Český Těšín :  |f Tisk 3) 
300 |a 126, [1] s. ;  |c 8° +  |e 17 příl. 
490 1 |a Učebnice pro střední školy 
500 |a 2000 výt. 
830 0 |a Učebnice pro střední školy (Státní pedagogické nakladatelství)  |0 s 
910 |a BOA001  |b PK-0085.387  |b 2-0803.067 
990 |a BK 
996 6 |b 2619427633  |c 2-0803.067  |l MZK  |r Sklad / do 1 hodiny  |n 0  |w 000432331  |u 000020  |a 1  |e BOA001  |j MZK50  |s P 
996 7 |b 3119829658  |c PK-0085.387  |l MZK  |r Sklad / do 1 hodiny  |n 0  |w 000432331  |u 000010  |a 1  |e BOA001  |j MZK50  |s A